000 00603 a2200181 4500
003 Nust
005 20170207153158.0
040 _cNust
082 _a005.8
100 _aPirzada, Asad Amir ( MSIS-1)
245 _aHigh volume secure data hiding in video
_cAsad Amir Pirzada
260 _bMCS (NUST)
_cJanuary, 2003
_aRawalpindi
300 _a69, p.
505 _aOverview (page-1) Background (page-8) Design and implementation (page-18) Steganalysis of proposed scheme (page-36) Conclusion and recommendations (page-59)
538 _aAlmirah No. 70 Shelf No. 3
650 _aPG Thesis
651 _aMSIS-1
942 _cTHS
999 _c180867
_d180867